| 000 | 004420000a22001690004500 | ||
|---|---|---|---|
| 003 | MACL | ||
| 005 | 20151231164721.0 | ||
| 008 | 151231b xxu||||| |||| 00| 0 eng d | ||
| 040 |
_aMACL _cMACL |
||
| 041 | _aEnglish | ||
| 082 | _a330/KHU | ||
| 100 |
_aKhusro, A M _92922 |
||
| 245 | _aThe Problem of Co Operative Farming in India | ||
| 260 |
_bAsia Publishing House _c1961 _aBombay |
||
| 650 |
_aEconomics _925986 |
||
| 942 |
_cBK _k330/Khu _2ddc |
||
| 999 |
_c35787 _d35787 |
||